|
|
|
|
| LEADER |
03183nam a2200661 i 4500 |
| 001 |
nkc20203266641 |
| 003 |
CZ PrNK |
| 005 |
20210217095413.0 |
| 007 |
ta |
| 008 |
201126s2020 xr acf g 000 fbcze |
| 015 |
|
|
|a cnb003266641
|
| 020 |
|
|
|a 978-80-7597-788-5
|q (vázáno)
|
| 035 |
|
|
|a (OCoLC)1240907951
|
| 040 |
|
|
|a ABG001
|b cze
|e rda
|
| 041 |
1 |
|
|a cze
|h dut
|
| 043 |
|
|
|a e-ne---
|
| 045 |
|
|
|a x3x4
|
| 072 |
|
7 |
|a 821.11
|x Germánské literatury
|2 Konspekt
|9 25
|
| 072 |
|
7 |
|a 929
|x Biografie
|2 Konspekt
|9 8
|
| 080 |
|
|
|a 821.112.5-31
|2 MRF
|
| 080 |
|
|
|a 323.25/.26-055.2
|2 MRF
|
| 080 |
|
|
|a 94(100)"1939/1945"
|2 MRF
|
| 080 |
|
|
|a 929
|2 MRF
|
| 080 |
|
|
|a (492)
|2 MRF
|
| 080 |
|
|
|a (0:82-312.6)
|2 MRF
|
| 080 |
|
|
|a (0:82-311.6)
|2 MRF
|
| 100 |
1 |
|
|a Geldof, Wilma,
|d 1962-
|7 xx0254223
|4 aut
|
| 240 |
1 |
0 |
|a Meisje met de vlechtjes.
|l Česky
|
| 245 |
1 |
0 |
|a Zabít není snadné /
|c Wilma Geldofová ; z nizozemského originálu Het meisje met de vlechtjes ... přeložily Jana Červenková a Lenka Strnadová
|
| 250 |
|
|
|a Vydání první
|
| 264 |
|
1 |
|a Praha :
|b XYZ,
|c 2020
|
| 300 |
|
|
|a 347 stran, 4 nečíslované strany obrazových příloh :
|b ilustrace, portréty ;
|c 22 cm
|
| 336 |
|
|
|a text
|b txt
|2 rdacontent
|
| 337 |
|
|
|a bez média
|b n
|2 rdamedia
|
| 338 |
|
|
|a svazek
|b nc
|2 rdacarrier
|
| 500 |
|
|
|a Obálkový podnázev: strhující příběh nejmladší nizozemské odbojářky
|
| 520 |
2 |
|
|a Historický román z období druhé světové války o mladé nizozemské odbojářce, která vedle běžných problémů dospívání řeší závažná morální dilemata.
|b Freddie Oversteegenová byla nejmladší nizozemská odbojářka, která se už v patnácti letech účastnila boje proti nacistům. Hlavní úkol, který byl jí a její sestře Truus přidělen, spočívá ve svádění německých vojáků a jejich lákání do odlehlých lesů, kde je čeká smrt. Vedle toho, že se potýká s běžnými radostmi a strastmi dopívání a s první láskou, je Freddie nucena riskovat svůj život a řešit otázku, zda může být vražda člověka ospravedlnitelná.
|
| 600 |
1 |
7 |
|a Oversteegen, Freddie,
|d 1925-2018
|7 xx0254668
|2 czenas
|
| 648 |
|
7 |
|a 1939-1945
|7 ch460653
|2 czenas
|
| 650 |
0 |
7 |
|a účastnice odboje
|7 ph1046611
|z Nizozemsko
|y 1939-1945
|2 czenas
|
| 650 |
0 |
7 |
|a druhá světová válka (1939-1945)
|7 ph117270
|z Nizozemsko
|2 czenas
|
| 650 |
0 |
9 |
|a women resistance participants
|z Netherlands
|y 1939-1945
|2 eczenas
|
| 650 |
0 |
9 |
|a World War (1939-1945)
|z Netherlands
|2 eczenas
|
| 655 |
|
7 |
|a nizozemské romány
|7 fd132907
|2 czenas
|
| 655 |
|
7 |
|a biografické romány
|7 fd131905
|2 czenas
|
| 655 |
|
7 |
|a historické romány
|7 fd132414
|2 czenas
|
| 655 |
|
9 |
|a Dutch fiction
|2 eczenas
|
| 655 |
|
9 |
|a biographical novels
|2 eczenas
|
| 655 |
|
9 |
|a historical novels
|2 eczenas
|
| 700 |
1 |
|
|a Červenková, Jana,
|d 1952-
|7 mzk2008453196
|4 trl
|
| 700 |
1 |
|
|a Strnadová, Lenka,
|d 1967-
|7 mzk2009544335
|4 trl
|
| 910 |
2 |
|
|a BOA001
|b 2-1458.397
|
| 920 |
|
|
|a 4568034
|z ABG001
|
| 928 |
9 |
|
|a Albatros Media - XYZ
|
| 990 |
|
|
|a BK
|
| 995 |
|
|
|a 01
|
| 991 |
|
|
|b 202101
|c NOV
|
| 996 |
6 |
|
|b 2610847903
|c 2-1458.397
|l MZK
|r Sklad / do 1 hodiny
|n 0
|p p.v.
|w 001836680
|u 000010
|a 1
|e BOA001
|j MZK50
|s P
|